[Event "Eq:au plaisir du jeux -Vikings :"]
[Site "www.echecsemail.com"]
[Date "2026.01.28"]
[Round "1"]
[White "Estrafolis"]
[Black "Gege62111"]
[WhiteElo "1660"]
[BlackElo "1720"]
[Result "1-0"]
1.d4 d5
2.c4 Ng8f6
3.Nb1c3 e6
4.e3 Bf8b4
5.Bc1d2 Bb4xc3
6.Bd2xc3 Nf6e4
7.cxd5 exd5
8.Bc3b4 Ne4d6
9.Ng1f3 O-O
10.h3 Rf8e8
11.Bf1d3 h6
12.O-O Nd6e4
13.Nf3e5 Nb8c6
14.Ne5xc6 bxc6
15.Bd3xe4 dxe4
16.Qd1d2 Bc8e6
17.a3 c5
18.Bb4xc5 c6
19.f3 Be6c8
20.Qd2f2 Bc8a6
21.Rf1c1 exf3
22.gxf3 Qd8g5
23.Kh2 Qg5xe3
24.Qf2g3 Qe3e2
25.Kh1 Qe2xb2
26.Rc1g1 g6
27.h4 h5
28.Qg3d6 Ba6b7
29.Rg1xg6 Kh7
30.Rg6h6 Kg7
31.Ra1g1 { abandon }1-0

[Event "Coupe Niveau 4"]
[Site "www.echecsemail.com"]
[Date "2026.01.28"]
[Round "1"]
[White "Elghribi"]
[Black "Patau"]
[WhiteElo "1920"]
[BlackElo "1700"]
[Result "1-0"]
1.e4 e5
2.Ng1f3 Ng8f6
3.Bf1c4 Nf6xe4
4.Qd1e2 d5
5.Bc4b3 Bc8g4
6.d3 Bg4xf3
7.gxf3 Ne4c5
8.Qe2xe5 Qd8e7
9.Qe5xe7 Bf8xe7
10.Nb1d2 Nc5xb3
11.Nd2xb3 O-O
12.Bc1f4 Rf8e8
13.O-O-O Be7d6
14.Bf4xd6 cxd6
15.Nb3d4 Nb8c6
16.Nd4xc6 bxc6
17.Rh1e1 Re8e5
18.Kd2 Ra8e8
19.d4 Re5xe1
20.Rd1xe1 Re8xe1
21.Kxe1 f5
22.f4 c5
23.c3 Kf7
24.Ke2 cxd4
25.cxd4 Ke7
26.b4 Kd7
27.a4 Kc7
28.Kf3 Kb6
29.Kg3 h6
30.Kh4 g6
31.Kg3 g5
32.fxg5 hxg5
33.h4 gxh4
34.Kxh4 { abandon }1-0

[Event "Défi"]
[Site "www.echecsemail.com"]
[Date "2026.01.28"]
[Round "1"]
[White "Pgo"]
[Black "Bilitis"]
[WhiteElo "1710"]
[BlackElo "1760"]
[Result "0-1"]
1.e4 e5
2.Ng1f3 d6
3.Bf1c4 Bc8g4
4.d3 Ng8f6
5.O-O Nb8c6
6.Bc1g5 h6
7.Bg5h4 g5
8.Bh4g3 Bf8e7
9.Nb1c3 Nf6h5
10.h3 Nh5xg3
11.fxg3 Bg4h5
12.g4 Bh5g6
13.a3 Qd8d7
14.b4 h5
15.b5 Nc6d8
16.a4 hxg4
17.hxg4 Qd7xg4
18.Kf2 Qg4f4
19.Qd1d2 Qf4f6
20.Nc3d5 Qf6g7
21.g4 Nd8e6
22.Rf1h1 Kd7
23.Nd5xe7 Kxe7
24.Bc4xe6 fxe6
25.Qd2xg5 Kd7
26.Rh1h2 Rh8xh2
27.Nf3xh2 Qg7f7
28.Nh2f3 Ra8f8
29.Qg5e3 Rf8g8
30.Qe3xa7 Bg6h7
31.Ra1g1 Rg8f8
32.Rg1g3 b6
33.Qa7b7 Rf8c8
34.Qb7c6 Ke7
35.Ke2 Qf7f4
36.Rg3h3 Bh7g6
37.Qc6b7 Kd7
38.Qb7c6 Ke7
39.Nf3h2 Bg6e8
40.Rh3h7 Kf8
41.Qc6b7 Rc8d8
42.Qb7xc7 Rd8d7
43.Rh7xd7 Be8xd7
44.Qc7xd6 Ke8
45.Qd6b8 Ke7
46.Qb8h8 Qf4c1
47.Qh8g7 Kd6
48.Qg7f8 Kc7
49.Nh2f3 Qc1xc2
50.Nf3d2 Qc2xa4
51.g5 Bd7xb5
52.Qf8e7 Kb8
53.Qe7xe6 Qa4d4
54.Nd2c4 Kb7
55.Nc4d6 Ka6
56.Qe6c8 Ka5
57.Nd6b7 Kb4
58.Qc8c2 Qd4g1
59.Qc2b2 Ka4
60.Qb2xe5 Qg1g2
61.Ke3 Qg2g1
62.Kd2 Qg1f2
63.Kc3 Qf2e1
64.Kc2 Qe1e2
65.Kc1 Qe2e1
66.Kc2 Qe1e2
67.Kc1 Qe2e1
68.Kb2 Qe1d2
69.Ka1 Qd2c1
70.Ka2 Qc1a3
71.Kb1 Bb5xd3
0-1

[Event "Défi"]
[Site "www.echecsemail.com"]
[Date "2026.01.28"]
[Round "1"]
[White "Malvina"]
[Black "Kerenor"]
[WhiteElo "1280"]
[BlackElo "1570"]
[Result "0-1"]
1.d4 d5
2.Nb1c3 h6
3.Qd1d3 Nb8c6
4.e4 e5
5.Ng1f3 Ng8f6
6.dxe5 Nf6d7
7.Nc3xd5 Nd7xe5
8.Qd3c3 Bf8d6
9.Bc1f4 Bc8e6
10.Nf3xe5 Be6xd5
11.exd5 Nc6xe5
12.Bf4xe5 Qd8e7
13.O-O-O Bd6xe5
14.Qc3f3 Qe7b4
15.Kb1 Qb4xb2
0-1

[Event "Défi"]
[Site "www.echecsemail.com"]
[Date "2026.01.28"]
[Round "1"]
[White "Majula"]
[Black "Tinenfant"]
[WhiteElo "1560"]
[BlackElo "1880"]
[Result "0-1"]
1.e4 e6
2.d4 d5
3.e5 c5
4.Bf1b5 Bc8d7
5.a4 Bd7xb5
6.axb5 Qd8b6
7.Ng1f3 Qb6xb5
8.Nb1c3 Qb5b6
9.O-O Nb8c6
10.dxc5 Bf8xc5
11.Bc1e3 Bc5xe3
12.fxe3 Qb6xe3
13.Rf1f2 Nc6xe5
14.Qd1e2 Qe3xe2
15.Rf2xe2 Ne5xf3
16.gxf3 Ng8f6
17.h3 O-O
18.Nc3b5 a6
19.Nb5c3 Ra8c8
20.Kf2 d4
21.Nc3e4 Nf6xe4
22.Re2xe4 Rf8d8
23.Ra1c1 Rd8d5
24.f4 Kf8
25.Re4e5 Rc8d8
26.Re5xd5 Rd8xd5
27.Rc1d1 Ke7
28.Ke2 f6
29.c3 dxc3
30.bxc3 Rd5xd1
31.Kxd1 Kd6
32.Kd2 Kc5
33.Kd3 Kb5
34.c4 Kc5
35.Kc3 b5
36.h4 b4
37.Kb3 a5
{ abandon }0-1

[Event "Défi( 10J+24H/c 10J Max )"]
[Site "www.echecsemail.com"]
[Date "2026.01.28"]
[Round "1"]
[White "Hberlioz"]
[Black "Pascalou50"]
[WhiteElo "1660"]
[BlackElo "1850"]
[Result "1-0"]
1.d4 e6
2.e4 d5
3.e5 c5
4.Bf1b5 Nb8c6
5.Ng1f3 Bc8d7
6.Nb1c3 cxd4
7.Nc3e2 Qd8a5
8.Qd1d2 Qa5xb5
9.a4 Qb5b6
10.Nf3xd4 Nc6xd4
11.Ne2xd4 Bf8c5
12.c3 Bc5xd4
13.cxd4 Ng8e7
14.a5 Qb6b5
15.b4 Qb5c6
16.O-O O-O
17.Bc1a3 Ra8c8
18.b5 Qc6xb5
19.Ba3xe7 Rf8e8
20.Rf1b1 Qb5a6
21.Be7c5 Rc8c6
22.Rb1b3 b6
23.Bc5b4 b5
24.Rb3g3 Kh8
25.Qd2g5 g6
26.Bb4e7 Re8xe7
27.Qg5xe7 Qa6c8
28.h4 Bd7e8
29.Qe7f8 1-0

[Event "Tournoi n27354"]
[Site "www.echecsemail.com"]
[Date "2026.01.28"]
[Round "1"]
[White "Carpediem50"]
[Black "Panchoa"]
[WhiteElo "1430"]
[BlackElo "1580"]
[Result "0-1"]
1.e4 e5
2.Ng1f3 Nb8c6
3.Bf1b5 Ng8f6
4.Nb1c3 Bf8e7
5.O-O O-O
6.d3 Nc6d4
7.Nf3xd4 exd4
8.Nc3d5 c6
9.Nd5xe7 Qd8xe7
10.Bb5c4 d5
11.exd5 cxd5
12.Bc4b3 Qe7d6
13.Qd1f3 Nf6g4
14.Bb3xd5 Qd6xh2
0-1

[Event "Coupe Niveau 4"]
[Site "www.echecsemail.com"]
[Date "2026.01.28"]
[Round "1"]
[White "Domenico"]
[Black "Alain64"]
[WhiteElo "1820"]
[BlackElo "2090"]
[Result "0-1"]
1.e4 c5
2.Bf1c4 e6
3.Ng1f3 Nb8c6
4.O-O d5
5.exd5 exd5
6.Rf1e1 Bf8e7
7.Bc4e2 Ng8f6
8.d4 O-O
9.dxc5 Be7xc5
10.Bc1e3 Bc5xe3
11.fxe3 Qd8b6
12.Nf3d4 Qb6xb2
13.Nb1d2 Nc6xd4
14.exd4 Qb2xd4
15.Kh1 Bc8f5
16.Qd1c1 Ra8c8
17.Nd2f3 Qd4c3
18.Qc1f4 Qc3xc2
19.Nf3d4 Qc2e4
20.Qf4xe4 Bf5xe4
21.Be2f3 h6
22.Bf3xe4 dxe4
23.Nd4f5 Rc8c2
24.a4 b6
25.a5 Rf8d8
26.axb6 axb6
27.h3 Rd8d2
28.Ra1a7 Rd2xg2
29.Nf5e3 Rg2h2
30.Kg1 Rc2e2
31.Re1xe2 Rh2xe2
32.Ne3f5 b5
33.Ra7b7 Re2b2
34.Nf5d6 e3
35.Rb7b8 Kh7
36.Nd6xf7 b4
37.Rb8h8 Kg6
38.Nf7e5 Kf5
39.Ne5d3 Rb2b1
40.Kg2 b3
41.Kf3 b2
42.Nd3xb2 Rb1xb2
43.Kxe3 Rb2b3
44.Kf2 Rb3xh3
45.Rh8a8 Rh3b3
{ abandon }0-1

[Event "Tournoi n27408"]
[Site "www.echecsemail.com"]
[Date "2026.01.28"]
[Round "1"]
[White "Wenoketo"]
[Black "Nicadria22"]
[WhiteElo "1710"]
[BlackElo "1890"]
[Result "0-1"]
1.d4 Ng8f6
2.Ng1f3 e6
3.Bc1g5 h6
4.Bg5h4 b6
5.a3 Bc8b7
6.e3 Bf8e7
7.Bf1d3 c5
8.dxc5 bxc5
9.Nb1d2 O-O
10.c3 d6
11.Bh4xf6 Be7xf6
12.Ra1c1 Nb8d7
13.O-O Rf8e8
14.Bd3b1 d5
15.Qd1c2 g6
16.h4 Bf6xh4
17.Nf3xh4 Qd8xh4
18.Nd2f3 Qh4g4
19.Qc2e2 d4
20.cxd4 cxd4
21.exd4 Nd7f6
22.Bb1d3 Re8d8
23.Rc1c7 Bb7xf3
24.Qe2xf3 Qg4xd4
25.Rc7c3 Ra8b8
26.Rf1c1 Rb8xb2
27.Rc3c8 Rd8xc8
28.Rc1xc8 Kg7
29.Rc8c4 Qd4d7
30.Rc4f4 Qd7d8
31.g4 Rb2b3
32.g5 Rb3xd3
33.gxf6 Kf8
34.Qf3e4 Rd3d5
35.Qe4b4 Kg8
36.Qb4e7 Rd5d1
37.Kg2 Qd8d5
38.f3 Qd5d2
39.Kh3 Rd1h1
40.Kg3 Qd2h2
41.Kg4 Rh1g1
0-1

[Event "Défi"]
[Site "www.echecsemail.com"]
[Date "2026.01.28"]
[Round "1"]
[White "Berjay"]
[Black "Chobi"]
[WhiteElo "1700"]
[BlackElo "1750"]
[Result "0-1"]
1.e4 e5
2.Ng1f3 d6
3.Bf1c4 a6
4.d3 Bf8e7
5.Nb1c3 Bc8g4
6.Bc1e3 Ng8f6
7.Qd1e2 O-O
8.h3 Bg4xf3
9.Qe2xf3 Nb8c6
10.O-O-O Nc6a5
11.g4 Na5xc4
12.dxc4 c6
13.h4 Nf6d7
14.g5 Ra8c8
15.Rd1g1 f6
16.gxf6 Rf8xf6
17.Qf3g4 Rf6g6
18.Qg4h3 Rg6xg1
19.Rh1xg1 Nd7f6
20.Be3h6 g6
21.Qh3e6 Kh8
22.Qe6f7 Nf6h5
23.Qf7f3 Be7xh4
24.Qf3f7 Qd8g8
25.Qf7xb7 Bh4xf2
26.Rg1f1 Bf2g3
27.Rf1f7 Bg3f4
28.Bh6xf4 Nh5xf4
29.Rf7xh7 Qg8xh7
30.Qb7xc8 Qh7g8
31.Qc8xa6 g5
32.Qa6b6 Qg8c8
33.Qb6g1 Qc8d8
34.b3 Kg7
35.Nc3d1 Nf4e2
{ abandon }0-1

[Event "Tetraktus 103"]
[Site "www.echecsemail.com"]
[Date "2026.01.28"]
[Round "1"]
[White "Connecticcut"]
[Black "Skalfa"]
[WhiteElo "1910"]
[BlackElo "1820"]
[Result "1-0"]
1.e4 e5
2.Bf1c4 Ng8f6
3.d3 Nb8c6
4.Ng1f3 Bf8c5
5.O-O a6
6.Nb1c3 d6
7.h3 h6
8.a3 b5
9.Bc4d5 Bc8b7
10.Bc1e3 Bc5xe3
11.fxe3 Nf6xd5
12.exd5 Nc6e7
13.e4 O-O
14.b4 Ne7g6
15.a4 c6
16.axb5 axb5
17.dxc6 Bb7xc6
18.d4 Ra8xa1
19.Qd1xa1 exd4
20.Nf3xd4 Qd8b6
21.Qa1d1 Ng6e5
22.Kh1 Ne5c4
23.Rf1f3 g6
24.Nd4xc6 Qb6xc6
25.Qd1d5 Qc6b6
26.Nc3xb5 Nc4e5
27.Rf3f1 Qb6a6
28.Rf1d1 Qa6c6
29.Nb5xd6 Qc6xd5
30.exd5 Rf8d8
31.Nd6e4 f5
32.Ne4c5 Ne5c4
33.Rd1d4 Nc4e3
34.c4 Ne3c2
35.Nc5e6 Rd8c8
36.Rd4d2 Nc2xb4
37.c5 Kf7
38.c6 Ke7
39.Ne6f4 g5
40.d6 Kf6
41.d7 Rc8d8
42.c7 Nb4c6
43.c8Q Rd8xc8
44.dxc8Q Nc6e7
45.Nf4d5 { abandon }1-0

[Event "Memorial Lara CIII"]
[Site "www.echecsemail.com"]
[Date "2026.01.28"]
[Round "1"]
[White "Connecticcut"]
[Black "Rvsinovitch"]
[WhiteElo "1860"]
[BlackElo "2030"]
[Result "0-1"]
1.d4 Ng8f6
2.Bc1f4 g6
3.Nb1c3 Bf8g7
4.e4 d6
5.Bf1c4 O-O
6.e5 dxe5
7.dxe5 Nf6d7
8.Ng1f3 Nb8c6
9.O-O Nc6xe5
10.Nf3xe5 Nd7xe5
11.Qd1xd8 Rf8xd8
12.Bc4d5 c6
13.Bd5e4 Ne5c4
14.Rf1d1 Bc8e6
15.h4 Nc4xb2
16.Rd1xd8 Ra8xd8
17.Nc3e2 Nb2a4
18.Ra1b1 Na4c5
19.Be4f3 Be6xa2
20.Rb1e1 e5
21.Bf4e3 e4
22.Bf3g4 f5
23.Bg4xf5 gxf5
24.Be3xc5 b6
25.Bc5b4 c5
26.Bb4c3 Bg7xc3
27.Ne2xc3 Ba2f7
28.Kf1 Rd8d2
29.Re1c1 b5
30.Ke1 Rd2d7
31.Nc3xb5 Bf7c4
32.Nb5c3 a6
33.Nc3a4 Rd7d5
34.Rc1d1 Rd5e5
35.Kd2 Bc4b5
36.Na4b2 Re5d5
37.Kc1 Rd5xd1
38.Kxd1 a5
39.Kc1 a4
40.Kb1 f4
41.c4 Bb5c6
42.Ka2 e3
43.fxe3 fxe3
44.Nb2d3 e2
45.g3 Bc6e4
46.Nd3e1 Be4f5
47.Ka3 Bf5d7
48.Ne1d3 Kg7
49.Kb2 Kf6
50.Kc1 a3
51.Kb1 Bd7f5
{ abandon }0-1

[Event "Défi"]
[Site "www.echecsemail.com"]
[Date "2026.01.28"]
[Round "1"]
[White "Khamis"]
[Black "Chobi"]
[WhiteElo "1830"]
[BlackElo "1750"]
[Result "1-0"]
1.d4 d5
2.c4 dxc4
3.Nb1c3 a6
4.a4 Nb8c6
5.e3 Bc8f5
6.Bf1xc4 e6
7.Ng1f3 Bf8b4
8.O-O Ng8f6
9.Nf3h4 Nc6e7
10.Nh4xf5 exf5
11.Qd1b3 O-O
12.Qb3xb4 Ra8b8
13.Qb4a3 c6
14.b3 Qd8c7
15.Bc1d2 Nf6g4
16.f4 Ng4f6
17.Ra1c1 Nf6e4
18.Nc3xe4 fxe4
19.Bd2b4 Rf8e8
20.Bb4d6 Qc7d7
21.Bd6c5 Ne7f5
22.Rf1e1 Rb8a8
23.Rc1d1 b5
24.Bc4e2 Nf5xe3
25.Rd1c1 Ne3d5
26.Re1f1 Nd5e3
27.Rf1e1 Ne3d5
28.a5 Nd5xf4
29.Be2f1 Qd7g4
30.b4 Nf4h3
31.Qa3xh3 Qg4xh3
32.gxh3 f5
33.Bc5d6 Ra8c8
34.Rc1c5 Re8e6
35.Bd6e5 g5
36.Re1c1 Kf7
37.Bf1e2 Re6g6
38.Be2h5 Ke6
39.Bh5xg6 hxg6
40.Be5g3 f4
41.Bg3e1 { abandon }1-0

[Event "Défi( 10J+24H/c 10J Max )"]
[Site "www.echecsemail.com"]
[Date "2026.01.28"]
[Round "1"]
[White "Tunnellavage"]
[Black "Snarf"]
[WhiteElo "1760"]
[BlackElo "1720"]
[Result "1-0"]
1.e4 e5
2.Ng1f3 d6
3.Bf1c4 h6
4.h3 Bc8e6
5.d3 Be6xc4
6.dxc4 Ng8f6
7.Qd1e2 Bf8e7
8.b3 Nb8d7
9.Bc1b2 O-O
10.Nb1c3 a6
11.O-O-O Qd8c8
12.Rh1g1 a5
13.g4 Nd7c5
14.Nf3d2 Qc8d7
15.Nd2f3 a4
16.Kb1 Qd7c6
17.Nc3d5 Be7d8
18.Nf3d2 Nf6h7
19.Nd2f1 Kh8
20.Nf1g3 Nh7g5
21.h4 Ng5e6
22.Ng3f5 Kh7
23.g5 hxg5
24.hxg5 Ne6xg5
25.Qe2h5 Kg8
26.Rg1h1 f6
27.Qh5h8 Kf7
28.Qh8xg7 Ke8
29.Rh1h8 Ng5e6
30.Rh8xf8 Ne6xf8
31.Rd1h1 Nc5e6
32.Qg7g8 Kd7
33.Qg8f7 Kc8
34.Nf5e7 Bd8xe7
35.Nd5xe7 Kb8
36.Ne7xc6 bxc6
37.Qf7xf6 Kb7
38.Rh1h6 c5
39.Bb2xe5 dxe5
40.Qf6xe5 Ra8a6
41.Qe5f6 a3
42.f4 Ra6d6
43.Kc1 Kc6
44.e5 Nf8d7
45.Qf6e7 { abandon }1-0

[Event "Défi"]
[Site "www.echecsemail.com"]
[Date "2026.01.29"]
[Round "1"]
[White "Riothamus"]
[Black "Arno"]
[WhiteElo "1690"]
[BlackElo "1780"]
[Result "0-1"]
1.d4 Ng8f6
2.g3 d5
3.Bf1g2 Bc8g4
4.c4 c6
5.Ng1f3 e6
6.Nb1d2 Bf8b4
7.a3 Bb4xd2
8.Bc1xd2 Nb8d7
9.b3 O-O
10.h3 Bg4xf3
11.Bg2xf3 h6
12.Qd1c1 Nf6h7
13.Qc1c2 Nh7g5
14.Bf3g2 Rf8e8
15.O-O e5
16.h4 Ng5e6
17.cxd5 cxd5
18.Bg2xd5 Ra8c8
19.Qc2e4 Ne6xd4
20.Bd5xb7 Nd7f6
21.Bb7xc8 Nf6xe4
22.Ra1c1 Nd4xe2
23.Kg2 Ne4xd2
24.Rc1c2 Ne2d4
25.Rc2xd2 Qd8xc8
26.b4 Qc8b7
27.Kh3 Qb7c8
28.Kg2 Qc8c6
29.Kh3 Nd4f3
30.Rd2d3 e4
31.Rd3b3 Qc6e6
{ abandon }0-1

[Event "Eq:Les Gens du Sud-Vikings :"]
[Site "www.echecsemail.com"]
[Date "2026.01.29"]
[Round "1"]
[White "Moutarde18"]
[Black "Silveur"]
[WhiteElo "2050"]
[BlackElo "1830"]
[Result "1/2-1/2"]
1.e4 c5
2.Ng1f3 Nb8c6
3.d4 cxd4
4.c3 dxc3
5.Nb1xc3 e6
6.Bf1c4 d6
7.O-O Ng8f6
8.Qd1e2 Bf8e7
9.Rf1d1 O-O
10.h3 a6
11.a3 Qd8c7
12.Bc1e3 b5
13.Bc4a2 Bc8b7
14.Ra1c1 Qc7b8
15.b4 Rf8d8
16.Be3f4 Nf6e8
17.Bf4h2 Be7f6
18.e5 dxe5
19.Rd1xd8 Qb8xd8
20.Nf3xe5 Ra8c8
21.Ne5xc6 Rc8xc6
22.Rc1d1 Qd8c8
23.Nc3b1 Rc6c2
24.Rd1d2 Rc2c1
25.Rd2d1 Rc1c2
26.Rd1d2 Rc2c1
27.Rd2d1 Rc1c2
28.Rd1d2 Rc2c1
1/2-1/2

[Event "Coupe Niveau 3"]
[Site "www.echecsemail.com"]
[Date "2026.01.29"]
[Round "1"]
[White "Panchoa"]
[Black "Skalfa"]
[WhiteElo "1610"]
[BlackElo "1830"]
[Result "0-1"]
1.e4 e5
2.Ng1f3 Nb8c6
3.Bf1c4 h6
4.O-O Ng8f6
5.d3 Bf8c5
6.Nb1c3 d6
7.a3 a6
8.Bc4d5 Nf6xd5
9.exd5 Nc6e7
10.Rf1e1 O-O
11.Re1e4 Ne7g6
12.Nc3e2 f5
13.Re4c4 b5
14.Rc4c3 Bc8b7
15.d4 exd4
16.Ne2xd4 Bb7xd5
17.b4 Bc5b6
18.Bc1e3 Qd8f6
19.Be3c1 Bd5xf3
20.gxf3 Bb6xd4
{ abandon }0-1

[Event "Défi( 10J+24H/c 10J Max )"]
[Site "www.echecsemail.com"]
[Date "2026.01.29"]
[Round "1"]
[White "Hberlioz"]
[Black "Panchoa"]
[WhiteElo "1700"]
[BlackElo "1610"]
[Result "1/2-1/2"]
1.e4 e5
2.Nb1c3 Ng8f6
3.Bf1c4 Bf8e7
4.Ng1f3 O-O
5.d4 Be7b4
6.Bc1d2 Bb4xc3
7.Bd2xc3 Nf6xe4
8.Nf3xe5 d6
9.Ne5f3 Rf8e8
10.O-O Bc8g4
11.Qd1d3 d5
12.Bc4b3 a6
13.Nf3e5 Bg4f5
14.Qd3f3 g6
15.Rf1e1 b5
16.Bc3a5 Qd8d6
17.a4 b4
18.Qf3e3 Nb8c6
19.Ne5xc6 Qd6xc6
20.Ba5xb4 Ra8b8
21.Bb4a3 Qc6b6
22.Bb3xd5 Qb6a5
23.c3 Qa5xd5
24.b4 Bf5d7
25.Qe3h6 Qd5g5
26.Qh6xg5 Ne4xg5
27.c4 Bd7xa4
28.h4 Ng5e6
29.d5 Ne6d4
30.Re1xe8 Rb8xe8
31.c5 Nd4c2
32.Ra1a2 Re8e1
33.Kh2 Nc2xa3
34.Ra2xa3 Ba4b5
35.g4 Bb5c4
36.d6 cxd6
37.c6 Re1e7
38.f4 Bc4b5
39.Ra3c3 Re7c7
40.Kg3 d5
41.f5 Bb5xc6
42.fxg6 fxg6
43.Kf4 h6
44.Rc3e3 Rc7f7
45.Kg3 Rf7b7
46.Re3e6 Bc6a4
47.Re6xa6 Rb7xb4
48.Ra6xg6 Kh7
49.h5 Ba4c2
50.Rg6c6 Rb4b3
51.Kf4 Bc2d1
52.Rc6c7 Kg8
53.Kf5 Rb3e3
54.Kg6 Bd1xg4
55.Kxh6 d4
56.Rc7g7 Kh8
57.Rg7xg4 Re3e6
58.Kg5 d3
59.Rg4d4 Re6e5
60.Kg4 Kg7
61.Rd4xd3 Re5e4
62.Kf5 Re4e7
63.Rd3h3 Kh6
64.Kf6 Re7g7
65.Kf5 Rg7g5
{ nul }1/2-1/2

[Event "Tournoi n27412"]
[Site "www.echecsemail.com"]
[Date "2026.01.29"]
[Round "1"]
[White "Hermite"]
[Black "Wenoketo"]
[WhiteElo "1570"]
[BlackElo "1710"]
[Result "0-1"]
1.e4 c6
2.Ng1f3 e6
3.d3 Ng8f6
4.Bf1e2 Bf8e7
5.O-O O-O
6.Bc1e3 d5
7.e5 Nf6d7
8.d4 h6
9.Qd1d2 c5
10.c3 c4
11.Be3xh6 gxh6
12.Qd2xh6 f5
13.Qh6xe6 Kg7
14.Qe6xd5 Rf8h8
15.Qd5xc4 Nd7b6
16.Qc4d3 Nb6d5
17.Qd3d2 Rh8h7
18.Be2d1 Qd8h8
19.h3 Bc8e6
20.Nf3g5 Be7xg5
21.Qd2xg5 Kf7
22.c4 Rh7g7
23.Qg5d2 Qh8xh3
24.Bd1f3 Qh3xf3
25.g3 Rg7h7
{ abandon }0-1

[Event "Eq:LechiquierDesHurlus-au plaisir du jeux  :"]
[Site "www.echecsemail.com"]
[Date "2026.01.29"]
[Round "1"]
[White "Upsalin"]
[Black "Calimero"]
[WhiteElo "2520"]
[BlackElo "1979"]
[Result "1-0"]
1.e4 c5
2.Ng1f3 d6
3.Bf1b5 Nb8c6
4.Bb5xc6 bxc6
5.O-O e5
6.d3 Ng8f6
7.Nb1d2 Bf8e7
8.h3 O-O
9.Nd2c4 Qd8c7
10.Bc1d2 Bc8e6
11.Bd2a5 Qc7d7
12.Nc4e3 Be7d8
13.Ba5c3 Nf6e8
14.Bc3d2 f5
15.Ne3xf5 Be6xf5
16.exf5 Qd7xf5
17.b4 Bd8b6
18.a4 a5
19.b5 cxb5
20.axb5 Ne8c7
21.Nf3h4 Qf5f6
22.Qd1g4 Nc7e6
23.Nh4f3 Ra8a7
24.Qg4e4 Qf6d8
25.Qe4d5 Rf8e8
26.Ra1a4 Kh8
27.c4 h6
28.Rf1e1 Qd8d7
29.Nf3h4 Ne6d4
30.Nh4g6 Kh7
31.Qd5e4 Kg8
32.Bd2c3 Nd4c2
33.Re1e2 Nc2b4
34.Bc3d2 Ra7a8
35.Re2e3 Ra8d8
36.Re3g3 d5
37.cxd5 Qd7xd5
38.Qe4h4 Rd8d7
39.Bd2xh6 Qd5d4
40.Qh4h5 e4
41.Bh6e3 Qd4c3
42.Rg3g5 Qc3e1
43.Kh2 Bb6c7
44.g3 Rd7d5
45.Rg5xd5 Bc7xg3
46.Kg2 Nb4xd5
47.Qh5xd5 Kh7
48.Ra4xe4 Re8b8
49.Qd5h5 Kg8
50.Qh5h8 { abandon }1-0

[Event "Défi( 10J+24H/c 10J Max )"]
[Site "www.echecsemail.com"]
[Date "2026.01.29"]
[Round "1"]
[White "Joelcouturier"]
[Black "Anumisme"]
[WhiteElo "1180"]
[BlackElo "1120"]
[Result "0-1"]
1.e4 e5
2.Nb1c3 Ng8f6
3.Bf1c4 Bf8b4
4.Nc3e2 Qd8e7
5.Ne2g3 d6
6.Ng3f5 Bc8xf5
7.exf5 a6
8.Ng1f3 Nb8d7
9.O-O d5
10.Bc4e2 e4
11.Nf3d4 c6
12.c3 Bb4a5
13.b4 O-O-O
14.Nd4b3 Ba5c7
15.d3 Qe7d6
16.g3 Bc7b6
17.Bc1g5 h6
18.Bg5f4 Qd6e7
19.dxe4 Nf6xe4
20.b5 Ne4xc3
21.Qd1d2 Qe7f6
22.Be2f3 Nc3xb5
23.Ra1c1 Qf6xf5
24.Bf4e3 Qf5xf3
25.Be3xb6 Nd7xb6
26.h4 Rd8d6
27.Nb3a5 f6
28.Rf1e1 Kc7
29.Re1e3 Qf3f5
30.Re3e7 Nb6d7
31.Na5b3 Rh8d8
32.Qd2a5 Kc8
33.Re7xg7 Qf5e6
34.Rc1e1 Qe6f5
35.Re1e7 d4
36.Rg7h7 h5
37.a4 d3
38.Re7xd7 Rd8xd7
39.Qa5b4 Qf5xh7
40.Nb3a5 Nb5a7
41.Qb4c5 Kb8
42.Na5xb7 Kxb7
43.a5 d2
44.Qc5b6 Kc8
45.Qb6xa6 Kd8
46.Qa6b6 Ke7
47.Qb6e3 Rd6e6
48.Qe3c5 Re6d6
49.Qc5e3 Rd6e6
50.Qe3c5 Rd7d6
51.Qc5xa7 Rd6d7
52.Qa7c5 Kf7
53.a6 Qh7e4
54.a7 d1Q
55.Kh2 Qe4h1
0-1

[Event "Défi"]
[Site "www.echecsemail.com"]
[Date "2026.01.29"]
[Round "1"]
[White "Tian"]
[Black "Aigle12"]
[WhiteElo "1320"]
[BlackElo "1460"]
[Result "1-0"]
1.d4 e6
2.e3 d6
3.Bf1b5 Nb8c6
4.Bb5xc6 bxc6
5.f4 Bc8b7
6.Ng1f3 Ng8f6
7.Nf3g5 h6
8.Ng5h3 c5
9.dxc5 Bb7xg2
10.Rh1g1 Bg2xh3
11.Rg1g3 Bh3f5
12.c6 Bf5e4
13.Nb1c3 Be4xc6
14.h4 g6
15.b4 Bf8g7
16.Nc3a4 Bc6xa4
17.a3 Nf6d5
18.e4 Nd5b6
19.h5 Qd8h4
20.Kf2 O-O
21.hxg6 Ba4c6
22.gxf7 Rf8xf7
23.Qd1f3 Kf8
24.Bc1d2 Bg7xa1
25.Ke3 Nb6c4
26.Ke2 e5
27.Rg3h3 Qh4f6
28.f5 a6
29.c3 Nc4xa3
30.Bd2xh6  { temps }1-0

[Event "Défi"]
[Site "www.echecsemail.com"]
[Date "2026.01.29"]
[Round "1"]
[White "Mimi66"]
[Black "Malvina"]
[WhiteElo "1370"]
[BlackElo "1270"]
[Result "0-1"]
1.e4 e5
2.Qd1f3 Ng8f6
3.Bf1c4 Nb8c6
4.c3 Nc6a5
5.b3 Na5xc4
6.bxc4 Qd8e7
7.d3 b6
8.Bc1a3 Qe7e6
9.Nb1d2 Bc8b7
10.Ra1b1 Bf8xa3
11.Qf3g3 g6
12.Rb1b3 Ba3c1
13.Nd2b1 Bc1f4
14.Qg3f3 O-O-O
15.g3 Bf4h6
16.h4 d6
17.Ng1e2 Kb8
18.d4 Bb7xe4
19.Qf3e3 Bh6xe3
20.fxe3 Be4xh1
21.dxe5 Qe6xe5
22.Nb1d2 h6
23.Rb3b5 Qe5e6
24.Kd1 Qe6xe3
25.a4 Rh8e8
26.Rb5b1 Qe3xe2
 { temps }0-1

[Event "Tournoi n27335"]
[Site "www.echecsemail.com"]
[Date "2026.01.29"]
[Round "1"]
[White "Ponaparte"]
[Black "Alain64"]
[WhiteElo "2160"]
[BlackElo "2120"]
[Result "0-1"]
1.e4 c5
2.Ng1f3 Nb8c6
3.Bf1b5 d6
4.d4 cxd4
5.Qd1xd4 Bc8d7
6.Bb5xc6 bxc6
7.c4 Ng8f6
8.Nb1c3 g6
9.O-O Bf8g7
10.e5 dxe5
11.Nf3xe5 O-O
12.Rf1d1 Bd7e6
13.Bc1e3 Qd8c7
14.Qd4c5 Nf6g4
15.Ne5xc6 Qc7xh2
16.Kf1 Ng4xe3
17.fxe3 Qh2h1
18.Kf2 Qh1h4
19.Kg1 Be6xc4
20.Qc5xe7 Bg7f6
21.Qe7e4 Rf8e8
22.Qe4xh4 Bf6xh4
23.Rd1d4 Bh4g5
24.Rd4xc4 Bg5xe3
 { temps }0-1

[Event "Tournoi n27421"]
[Site "www.echecsemail.com"]
[Date "2026.01.29"]
[Round "1"]
[White "Verson"]
[Black "Luc20"]
[WhiteElo "1810"]
[BlackElo "1830"]
[Result "1/2-1/2"]
1.d4 d5
2.Ng1f3 Ng8f6
3.e3 Bc8g4
4.Nb1d2 Nb8d7
5.Bf1d3 e5
6.dxe5 Nd7xe5
7.Bd3e2 Bf8d6
8.b3 O-O
9.h3 Ne5xf3
10.Be2xf3 Bg4f5
11.O-O Nf6e4
12.Bc1b2 Rf8e8
13.c4 Bd6b4
14.Nd2b1 dxc4
15.bxc4 Qd8g5
16.Bf3g4 Ra8d8
17.Qd1f3 Bf5xg4
18.Qf3xg4 Rd8d6
19.Qg4xg5 Ne4xg5
20.Nb1c3 c6
21.Rf1d1 Re8d8
22.Rd1xd6 Rd8xd6
23.Ra1d1 Rd6xd1
24.Nc3xd1 f6
25.f3 Kf7
26.Kf2 Ke6
27.Bb2d4 c5
28.Bd4c3 Ng5f7
29.Ke2 Nf7e5
30.Bc3xb4 cxb4
31.Nd1b2 b6
32.Kd2 Kd6
33.f4 Ne5d7
34.Nb2d3 a5
35.e4 Nd7c5
36.Nd3xc5 bxc5
37.Kc2 a4
38.Kb2 Ke6
39.g3 Kd6
40.Kc2 { nul }1/2-1/2

[Event "Eq:Les enfants de l Atlantide-LES CHATTERBOX :"]
[Site "www.echecsemail.com"]
[Date "2026.01.29"]
[Round "1"]
[White "Capitaine"]
[Black "Onetwoyve"]
[WhiteElo "2390"]
[BlackElo "1920"]
[Result "1-0"]
1.e4 e5
2.Ng1f3 Ng8f6
3.d4 Nf6xe4
4.dxe5 d5
5.Nb1d2 Bc8g4
6.Nd2xe4 dxe4
7.Qd1xd8 Kxd8
8.Nf3g5 Bg4h5
9.Ng5xe4 Bf8e7
10.Bc1f4 Ke8
11.f3 Be7b4
12.c3 Bb4a5
13.O-O-O Ba5b6
14.Bf1c4 h6
15.Rd1d2 Nb8d7
16.Rh1d1 Ra8d8
17.e6 Ke7
18.Rd2xd7 Rd8xd7
19.Rd1xd7 Ke8
20.Bf4xc7 { abandon }1-0

[Event "Tournoi n27430"]
[Site "www.echecsemail.com"]
[Date "2026.01.29"]
[Round "1"]
[White "Tiounet"]
[Black "Luc20"]
[WhiteElo "1600"]
[BlackElo "1810"]
[Result "0-1"]
1.a3 d5
2.b4 c6
3.Bc1b2 Ng8f6
4.g3 Nb8d7
5.Bf1g2 e5
6.Ng1f3 Bf8d6
7.O-O O-O
8.d3 Rf8e8
9.Nb1d2 Nd7f8
10.Ra1c1 Nf8g6
11.e3 Bc8g4
12.e4 dxe4
13.Nd2xe4 Nf6xe4
14.dxe4 b5
15.Qd1d3 Bd6c7
16.Rc1d1 Qd8e7
17.Qd3e3 Bc7b6
18.Qe3c1 Ra8d8
19.Qc1a1 Rd8xd1
20.Rf1xd1 f6
21.Rd1d2 Re8d8
22.Rd2xd8 Qe7xd8
23.Qa1c1 a5
24.Nf3e1 Ng6f8
25.Ne1d3 Nf8e6
26.bxa5 Bb6xa5
27.Nd3b4 Qd8d7
28.c4 c5
29.Nb4d5 Ne6d4
30.Qc1a1 bxc4
31.Bb2c3 Nd4e2
32.Kh1 Ne2xc3
33.Nd5xc3 Ba5xc3
34.Qa1f1 Qd7d1
35.Qf1xd1 Bg4xd1
36.Bg2f1 Bd1b3
37.f4 exf4
38.gxf4 Bc3d4
39.Kg2 c3
{ abandon }0-1

[Event "Défi"]
[Site "www.echecsemail.com"]
[Date "2026.01.29"]
[Round "1"]
[White "Chomi64"]
[Black "Algors"]
[WhiteElo "1830"]
[BlackElo "1770"]
[Result "0-1"]
1.d4 f5
2.Bc1f4 d5
3.e3 Ng8f6
4.Nb1c3 a6
5.Ng1f3 Nb8c6
6.a3 g6
7.Nc3a4 e6
8.c4 dxc4
9.Bf1xc4 b5
10.Bc4a2 bxa4
11.Qd1xa4 Bc8d7
12.Qa4c2 Bf8g7
13.Nf3g5 Nf6d5
14.Bf4g3 Qd8xg5
15.O-O O-O
16.Ra1c1 f4
17.exf4 Nd5xf4
18.d5 exd5
19.Rf1d1 Ra8a7
20.Bg3xf4 Rf8xf4
21.Qc2d2 Rf4f5
22.Qd2e2 Rf5e5
23.Qe2d2 Qg5xd2
24.Rd1xd2 Nc6e7
25.Kf1 Bd7e6
26.Rd2c2 c6
{ abandon }0-1

[Event "Tournoi n27387"]
[Site "www.echecsemail.com"]
[Date "2026.01.29"]
[Round "1"]
[White "Hermite"]
[Black "Linselleschti"]
[WhiteElo "1530"]
[BlackElo "1570"]
[Result "0-1"]
1.e4 c6
2.Ng1f3 d5
3.e5 Bc8g4
4.Bf1e2 Nb8d7
5.h3 Bg4xf3
6.Be2xf3 Nd7xe5
7.Bf3e2 e6
8.d4 Ne5g6
9.Be2h5 Ng8e7
10.Bc1e3 Qd8b6
11.b3 Ra8c8
12.O-O Ne7f5
13.Bh5xg6 fxg6
14.c3 Bf8d6
15.Be3g5 O-O
16.Qd1g4 Qb6c7
17.Nb1d2 Rf8f7
18.Nd2f3 h5
19.Nf3h4 hxg4
{ abandon }0-1

[Event "Tournoi n27416"]
[Site "www.echecsemail.com"]
[Date "2026.01.29"]
[Round "1"]
[White "Verson"]
[Black "Vvvv"]
[WhiteElo "1840"]
[BlackElo "1690"]
[Result "0-1"]
1.d4 g6
2.Bc1f4 Bf8g7
3.e3 d6
4.Ng1f3 Nb8d7
5.Bf1d3 a6
6.O-O e5
7.dxe5 dxe5
8.Bf4g3 e4
9.c3 exd3
10.Qd1xd3 Ng8f6
11.Nb1d2 O-O
12.Ra1d1 b5
13.Nd2e4 Nf6xe4
14.Qd3xe4 Ra8a7
15.Rd1d2 Bc8b7
16.Qe4f4 Bb7xf3
17.Qf4xf3 Nd7e5
18.Qf3d1 Qd8f6
19.Rd2d5 Ne5c4
20.Qd1d4 Qf6xd4
21.exd4 Nc4xb2
22.Rd5d7 Rf8c8
23.Rf1e1 Bg7f6
24.Bg3e5 Nb2d3
25.Re1e3 Nd3xe5
26.h3 Ne5xd7
{ abandon }0-1